000 00652nam a22002657a 4500
003 UA-OsUOA
001 24636
007 ta
008 20040224b un ||||| |||| 00| 0 ukr d
100 _aУсач Б.Ф.
090 _a351.72(075.8)
_bУ74
942 _cBK
040 _aUA-OsUOA
_bukr
_cUA-OsUOA
_dUA-OsUOA
245 _aКонтроль і ревізія
_bПідручник
300 _a253 с.
955 _a0
041 _aukr
080 _a351.72(075.8)
020 _a966-311-019-8
260 _aКиїв
_bЗнання-прес
_c2004
044 _aUA
250 _n5-те вид., стер.
650 7 _2UDC
999 _c310915
_d310915